Detalles MARC
| 000 -LEADER |
| campo de control de longitud fija |
02886cam a22005294i 4500 |
| 003 - IDENTIFICADOR DE NÚMERO DE CONTROL |
| campo de control |
PE-LiUPU |
| 005 - FECHA Y HORA DE LA ÚLTIMA TRANSACCIÓN |
| campo de control |
20250731173418.0 |
| 008 - DATOS DE LONGITUD FIJA--INFORMACIÓN GENERAL |
| campo de control de longitud fija |
150706s2008 xxu r 000 0 spa d |
| 020 ## - NÚMERO INTERNACIONAL ESTÁNDAR DEL LIBRO |
| Número Internacional Estándar del Libro |
9781602551237 |
| 035 ## - NÚMERO DE CONTROL DEL SISTEMA |
| Número de control de sistema |
(Sirsi) i9781602551237 |
| 040 ## - FUENTE DE CATALOGACIÓN |
| Centro catalogador/agencia de origen |
PE-LiUPU |
| Lengua de catalogación |
spa |
| Centro/agencia transcriptor |
PE-LiUPU |
| Normas de descripción |
rda |
| 049 ## - FONDOS LOCALES (OCLC) |
| Biblioteca depositaria |
PRUA |
| 082 04 - NÚMERO DE LA CLASIFICACIÓN DECIMAL DEWEY |
| Número de clasificación |
232 |
| Cutter |
C95m |
| Número de edición |
21 |
| 100 1# - ENTRADA PRINCIPAL--NOMBRE DE PERSONA |
| Nombre de persona |
Cury, Augusto, |
| Término indicativo de función/relación |
autor. |
| 245 13 - MENCIÓN DEL TÍTULO |
| Título |
El Maestro de maestros : |
| Resto del título |
Jesús el educador más grande de todos los tiempos / |
| Mención de responsabilidad, etc. |
Augusto Cury. |
| 264 #1 - PRODUCCIÓN, PUBLICACIÓN, DISTRIBUCIÓN, FABRICACIÓN Y COPYRIGHT |
| Producción, publicación, distribución, fabricación y copyright |
Nashville, Tennessee : |
| Nombre del de productor, editor, distribuidor, fabricante |
Grupo Nelson, |
| Fecha de producción, publicación, distribución, fabricación o copyright |
2008. |
| 300 ## - DESCRIPCIÓN FÍSICA |
| Extensión |
191 páginas ; |
| Dimensiones |
21 centímetros. |
| 336 ## - TIPO DE CONTENIDO |
| Término de tipo de contenido |
text |
| Fuente |
rdacontent |
| 337 ## - TIPO DE MEDIO |
| Nombre/término del tipo de medio |
unmediated |
| Fuente |
rdamedia |
| 338 ## - TIPO DE SOPORTE |
| Nombre/término del tipo de soporte |
volume |
| Fuente |
rdacarrier |
| 490 1# - MENCIÓN DE SERIE |
| Mención de serie |
Análisis de la inteligencia de Cristo |
| 500 ## - NOTA GENERAL |
| Nota general |
Título en portugués: O Mestre dos mestres. |
| 505 0# - NOTA DE CONTENIDO CON FORMATO |
| Nota de contenido con formato |
Características intrigantes de la inteligencia de Cristo -- Jesucristo: ¿un personaje real o imaginario? -- La timidez y la omisión de la ciencia en investigar la inteligencia de Cristo -- Si Cristo viviera hoy día, revolucionaría los fundamentos de la psiquiatría y de la psicología -- Cristo perturbaría el sistema político -- El discurso de Jesucristo dejaría a la medicina actual atónita produciendo la mayor crisis existencial del ser humano -- Un proyecto audaz: el público y el ambiente -- Despertando la sed de aprender y liberando la inteligencia -- Invirtiendo en sabiduría frente a los inviernos de la vida -- Un narrador de historias que sabía trabajar con las habilidades de la memoria y estimular el arte de pensar -- Superando la solidad: haciendo amigos -- Preservando la unidad y enseñando el arte de amar -- Introduciendo las funciones más importantes de la inteligencia. |
| 526 ## - NOTA DE INFORMACIÓN SOBRE EL PROGRAMA DE ESTUDIO |
| Nombre del programa |
Segunda Especialidad En Profecías Bíblicas |
| 526 ## - NOTA DE INFORMACIÓN SOBRE EL PROGRAMA DE ESTUDIO |
| Nombre del programa |
Segunda Especialidad En Nuevo Testamento |
| 526 ## - NOTA DE INFORMACIÓN SOBRE EL PROGRAMA DE ESTUDIO |
| Nombre del programa |
Segunda Especialidad En Antiguo Testamento |
| 526 ## - NOTA DE INFORMACIÓN SOBRE EL PROGRAMA DE ESTUDIO |
| Nombre del programa |
Segunda Especialidad En Estudios Adventistas |
| 526 ## - NOTA DE INFORMACIÓN SOBRE EL PROGRAMA DE ESTUDIO |
| Nombre del programa |
Doctorado en teología |
| 526 ## - NOTA DE INFORMACIÓN SOBRE EL PROGRAMA DE ESTUDIO |
| Nombre del programa |
Maestría en teología histórica |
| 526 ## - NOTA DE INFORMACIÓN SOBRE EL PROGRAMA DE ESTUDIO |
| Nombre del programa |
Maestría en teología bíblica |
| 526 ## - NOTA DE INFORMACIÓN SOBRE EL PROGRAMA DE ESTUDIO |
| Nombre del programa |
Maestría en teología |
| 526 ## - NOTA DE INFORMACIÓN SOBRE EL PROGRAMA DE ESTUDIO |
| Nombre del programa |
Maestría en misionología |
| 526 ## - NOTA DE INFORMACIÓN SOBRE EL PROGRAMA DE ESTUDIO |
| Nombre del programa |
Maestría en liderazgo eclesiástico |
| 526 ## - NOTA DE INFORMACIÓN SOBRE EL PROGRAMA DE ESTUDIO |
| Nombre del programa |
Teología |
| 541 ## - NOTA DE FUENTE DE ADQUISICIÓN DIRECTA |
| -- |
001-0000579; |
| 596 ## - |
| -- |
1 |
| 600 1# - PUNTO DE ACCESO ADICIONAL DE MATERIA--NOMBRE DE PERSONA |
| Nombre de persona |
Jesucristo |
| 630 ## - PUNTO DE ACCESO ADICIONAL DE MATERIA--TÍTULO UNIFORME |
| Título uniforme |
Biblia. |
| Nombre de parte o sección de la obra |
N.T. |
| Subdivisión general |
Evangelios |
| Subdivisión de forma |
Crítica e interpretación. |
| 700 1# - ENTRADA AGREGADA--NOMBRE PERSONAL |
| Nombre de persona |
Oliveira, María Fernanda, |
| Término indicativo de función/relación |
traductor. |
| 910 ## - DATOS DE OPCIÓN DEL USUARIO (OCLC) |
| Datos de opción del usuario |
gl |
| -- |
jv |
| -- |
lch |
| -- |
20120612 |
| 942 ## - ELEMENTOS DE ENTRADA SECUNDARIOS (KOHA) |
| Fuente del sistema de clasificación o colocación |
Clasificación Decimal Dewey |
| Tipo de ítem Koha |
|
| 949 ## - PROCESAMIENTO DE INFORMACIÓN LOCAL (OCLC) |
| a |
232 C95M |
| w |
DEWEY |
| c |
1 |
| i |
64880 |
| l |
CCODEBUL1 |
| m |
BUL |
| p |
14.00 |
| r |
0 |
| s |
Y |
| t |
BOOK |
| u |
2015-7-6 |
| x |
TEOLOGIA |
| -- |
P35 |
| o |
.STAFF. Colección Teología |
| 994 ## - |
| -- |
C0 |
| -- |
PEPRU |
| 999 ## - NÚMEROS DE CONTROL DE SISTEMA (KOHA) |
| -- |
DEWEY |
| -- |
64880 |
| -- |
2019-1-30 |
| -- |
2021-11-9 |
| -- |
5 |
| -- |
CCODEBUL1 |
| -- |
BUL |
| -- |
4 |
| -- |
14.00 |
| -- |
0 |
| -- |
Y |
| -- |
BOOK |
| -- |
2015-7-6 |
| -- |
TEOLOGIA |
| -- |
P35 |
| -- |
COMPRA |
| -- |
.STAFF. Colección Teología |
| 999 ## - NÚMEROS DE CONTROL DE SISTEMA (KOHA) |
| -- |
DEWEY |
| -- |
74939 |
| -- |
2021-11-9 |
| -- |
5 |
| -- |
CCODEBUL1 |
| -- |
BUL |
| -- |
0 |
| -- |
Y |
| -- |
BOOK |
| -- |
2016-10-5 |
| -- |
TEOLOGIA |
| -- |
P35 |
| -- |
COMPRA |
| -- |
.STAFF. Colección Teología |
| 980 ## - EQUIVALENCIA O REFERENCIA-CRUZADA-MENCIÓN DE SERIE--NOMBRE DE PERSONA/TÍTULO [LOCAL, CANADÁ] |
| ID del último usuario que modificó el registro |
1 |
| Nombre del último usuario que modificó el registro |
ALBERTO SANCHEZ Responsable de Automatización |